| 000 -CABECERA |
| fixed length control field |
00967nam a22002537a 4500 |
| 003 - IDENTIFICADOR DEL NÚMERO DE CONTROL |
| control field |
AR-CdUCM |
| 008 - DATOS DE LONGITUD FIJA--INFORMACIÓN GENERAL |
| fixed length control field |
190223b ||||| |||| 00| 0 spa d |
| 020 ## - NÚMERO INTERNACIONAL ESTÁNDAR DEL LIBRO |
| ISBN |
84-231-0587-3 |
| 040 ## - FUENTE DE LA CATALOGACIÓN |
| Agencia/entidad que catalogó originalmente la obra |
MUNICIPALIDAD PROVINCIAL DEL CUSCO |
| Entidad que transcribió la catalogación |
BIBLIOTECA MUNICIPAL DEL CUSCO |
| 082 ## - NÚMERO DE LA CLASIFICACIÓN DECIMAL DEWEY |
| No. de Clasificación |
909 / |
| Notacion interna |
G861 |
| 100 ## - ENTRADA PRINCIPAL--NOMBRE DE PERSONA |
| Nombre Personal |
Grimberg, Carl |
| 245 ## - MENCIÓN DE TÍTULO |
| Título |
La Hegemonía Española |
| 260 ## - PUBLICACIÓN, DISTRIBUCIÓN, ETC. |
| Lugar de publicación, distribución, etc. |
España : |
| Nombre de la editorial, distribuidor, etc. |
Ediciones Daimon ; |
| Fecha de publicación, distribución, etc. |
1982. |
| 300 ## - DESCRIPCIÓN FÍSICA |
| Nº de Páginas Extensión |
458 páginas |
| Otros detalles físicos |
ilustraciones, mapas |
| Dimensiones |
17cm |
| 440 ## - MENCIÓN DE SERIE/PUNTO DE ACCESO ADICIONAL--TÍTULO |
| Título |
Historia Universal Daimon |
| 9 (RLIN) |
1721 |
| 505 ## - NOTA DE CONTENIDO CON FORMATO |
| Nota de contenido formateada |
Feilpe II y su época -- Las guerras de religión en Francia -- La hegemonía española -- La literatura y el arte bajo Felipe II -- Continuación del siglo de oro español |
| 650 ## - PUNTO DE ACCESO ADICIONAL DE MATERIA--TÉRMINO DE MATERIA |
| Descriptor |
hegemonía española |
| 9 (RLIN) |
1722 |
| 650 ## - PUNTO DE ACCESO ADICIONAL DE MATERIA--TÉRMINO DE MATERIA |
| Descriptor |
siglo de oro español |
| 9 (RLIN) |
1723 |
| 650 ## - PUNTO DE ACCESO ADICIONAL DE MATERIA--TÉRMINO DE MATERIA |
| Descriptor |
Rey Felipe |
| 9 (RLIN) |
1724 |
| 650 ## - PUNTO DE ACCESO ADICIONAL DE MATERIA--TÉRMINO DE MATERIA |
| Descriptor |
guerras de religión |
| 9 (RLIN) |
1725 |
| 650 ## - PUNTO DE ACCESO ADICIONAL DE MATERIA--TÉRMINO DE MATERIA |
| Descriptor |
literatura y arte español |
| 9 (RLIN) |
1726 |
| 942 ## - ELEMENTOS DE PUNTO DE ACCESO ADICIONAL (KOHA) |
| Fuente de clasificación |
|
| Tipo de item |
Libros-BMC |
| 945 ## - PROCESAMIENTO DE INFORMACIÓN LOCAL (OCLC) |
| Catalogador |
nom |
| AAAA-MM-DD - Fecha de ingreso o modificacion |
2019-02-23 |